000 00528nam a2200181 i 4500
001 38394
003 ES-MaACL
005 20250531063025.0
007 t|
008 030225s1932 sp ||||1| spa d
080 _a821.134.2-31"19"
100 1 _aCabezas, Juan Antonio,
_d1900-1993
_933200
245 1 0 _aSeƱorita 0-3
_b: (novela) /
_cJuan Antonio Cabezas.
260 _aMadrid :
_bEdiciones Oriente,
_c1932 (
_fArges)
300 _a159 p. :
_bil. ;
_c29 cm.
852 _aES-MaACL
_jA-1306
999 _c38394
_d38394